Statistics for Young Justice Triva- Season 1

Click here to take the quiz!

General Stats

  • This quiz has been taken 10 times
    (9 since last reset)
  • The average score is 20 of 35

Answer Stats

HintAnswer% Correct
Name one Leaguer who was missing during the 16 hoursBatman
86%
What is Artemis's secret?Her Family is Cheshire and Sportsmaster
86%
Who does the team decide should be their leader?Kaldur/Aqualad
86%
Name the 5 new LeaguersRed Arrow
86%
Name one Leaguer who was missing during the 16 hoursSuperman
86%
Name one Leaguer who was missing during the 16 hoursHawkwoman
71%
Where does the cloning occur?Project Cadmus
71%
Who is the Physic that erases the memories of the group?Psimon
71%
Who was the Traitor of season 1?Roy Harper Clone
71%
What was Miss Martian's secret?She's a White Martian
71%
What do the heroes promise to show Superboy?The Sun
71%
Robin is confused why people aren't just____Whelmed
71%
Name one Leaguer who was missing during the 16 hoursWonderwoman
71%
Who is the 7th member to join the group?Zatanna
71%
Name the 5 new LeaguersAtom
57%
Wally's weakness is____Food/ Women
57%
Name one Leaguer who was missing during the 16 hoursGreen Lantern
57%
Name the 5 new LeaguersIcon
57%
Who is the human superboy was cloned from?Lex Luthor
57%
Who is the Villainous red robot?Red Volcano
57%
Who does Superboy meet when he and sphere go out on patrol?The Forever People of New Genesis
57%
What Item does Wally almost get trapped in?The Helmet of Fate
57%
Who does Artemis run into while on patrol on Halloween?Harm
43%
Who is the main villain that causes a split reality where children and adults have their own worlds?Klarion
43%
Who is the first Villain they faced as a team?Mr. Twister
43%
Name the 5 new LeaguersPlasticman
43%
Who is the 8th member of the group?Rocket
43%
What are the identities M'gann and Connor use to infiltrate Belle Reve?Terror Twins/ Tommy and Tuppence Terror
43%
Who does Wally run into while delivering the Heart?Vandal Savage
43%
Name the 5 new LeaguersDoctor Fate
29%
What location does the team fight Amazo at?Gotham Academy
29%
Who is the person responsible for thefts along Haley's Circus route?Parasite
29%
Which Leaguer's babysit them? (two main)Red Tornado and Shazam
29%
Who do the Heroes fight in a swamp?The Injustice League
29%
Name one Leaguer who was missing during the 16 hoursMartain Manhunter
14%

Score Distribution

Percentile by Number Answered

Percent of People with Each Score

Your Score History

You have not taken this quiz since the last reset